| 000 | 00501cam a2200193 4500 | ||
|---|---|---|---|
| 001 | H26 | ||
| 008 | 090401t1981 xxu||||| |||| 00| 0 eng d | ||
| 035 | _a(Sirsi) u36508 | ||
| 041 | _aeng | ||
| 050 | _a693.82 | ||
| 100 | _aCroft, M.J. | ||
| 245 | _aFires involving explosions - a literature review | ||
| 260 |
_aGarston, Watford _bBuilding Research Establishment _c1981 |
||
| 300 | _a3p. ; 30cm. | ||
| 350 | _a0 | ||
| 490 |
_aBRE Information Paper _v12/81 s |
||
| 942 | _n0 | ||
| 948 | _c04/03/1997 | ||
| 999 |
_c90307 _d90307 |
||